|
|
|
|
| LEADER |
00777cam a2200205 7i4500 |
| 001 |
0000053778 |
| 005 |
20200707090000.0 |
| 020 |
|
|
|a 9793787071 (paperback)
|
| 020 |
|
|
|a 9789793787039 (paperback)
|
| 090 |
0 |
0 |
|a DS595.A1
|b C49 2007
|
| 100 |
3 |
|
|a Chew, Fong Peng
|
| 245 |
1 |
0 |
|a Masyarakat berbilang kaum dalam sastera kebangsaan di Malaysia :
|b analisis deskriptif dan empirikal
|c Chew Fong Peng.
|
| 260 |
|
|
|a Bandung, Indonesia:
|b UPI Press,
|c 2007.
|
| 300 |
|
|
|a xiv, 210 pages;
|c 22 cm.
|
| 500 |
|
|
|a Gift: Prof. Dr. Mohd Nor bin Nawawi
|
| 650 |
0 |
0 |
|a Arts and society --
|z Malaysia
|
| 650 |
0 |
0 |
|a Social interaction --
|z Malaysia
|
| 651 |
|
0 |
|a Malaysia --
|x Ethnic relations
|
| 651 |
|
0 |
|a Malaysia --
|x Race relations
|
| 999 |
|
|
|a 0000069377
|b BOK
|c OPEN SHELF
|e 1st Floor, Bestari Jaya
|